The outlook for homo sapiens (Record no. 182329)

000 -LEADER
fixed length control field 01332 a2200169 4500
003 - CONTROL NUMBER IDENTIFIER
control field Nust
005 - DATE AND TIME OF LATEST TRANSACTION
control field 20170207153239.0
040 ## - CATALOGING SOURCE
Transcribing agency Nust
082 ## - DEWEY DECIMAL CLASSIFICATION NUMBER
Classification number 574.5
100 ## - MAIN ENTRY--PERSONAL NAME
Personal name Well, H. G.
245 ## - TITLE STATEMENT
Title The outlook for homo sapiens
Statement of responsibility, etc. H. G. Wells
260 ## - PUBLICATION, DISTRIBUTION, ETC.
Place of publication, distribution, etc. London
Name of publisher, distributor, etc. Secker & Warburg
Date of publication, distribution, etc. 1942
300 ## - PHYSICAL DESCRIPTION
Extent 286 p.
505 ## - FORMATTED CONTENTS NOTE
Formatted contents note Introduction (Page-7) What is Ecology (Page-17) Biology Invades History (Page-18) How Species Survive (Page-21) History Becomes Ecology (Page-24) What is Democracy (Page-36) Where is Democracy (Page-45) What Man has to Learn (Page-49) Sample of a Generation (Page-50) Estimating Hope (Page-64) Survey of Existing Forces (Page-69) The Jewish Influence (Page-76) What is Protestantism (Page-99) Shintoism (Page-122) The Chinese Outlook (Page-127) Communism and Russia (Page-143) American Mentality (Page-152)Three Factors in Everyone (Page-163) Summary of our Survey (Page-165) Resistance to Utopianism (Page-166) Change of Key (Page-177) Open Conference (Page-182) Class-War (Page-191) Unsated Youth (Page-199) Socialism Unavoidable (Page-207) Federation (Page-216) The New Type of Revolution (Page-225) Politics for the Sane Man (Page-233) International Politics (Page-248) World Order in Being (Page-255) Russia the West and World Revolution (Page-271)
538 ## - SYSTEM DETAILS NOTE
System details note Almirah No 18. Shelf No.6
650 ## - SUBJECT ADDED ENTRY--TOPICAL TERM
Topical term or geographic name entry element Biology
942 ## - ADDED ENTRY ELEMENTS (KOHA)
Source of classification or shelving scheme
Koha item type Book
Holdings
Withdrawn status Lost status Source of classification or shelving scheme Damaged status Not for loan Collection code Permanent Location Current Location Date acquired Total Checkouts Full call number Barcode Date last seen Price effective from Koha item type
            Military College of Signals (MCS) Military College of Signals (MCS) 12/12/2016   574.5 WEL MCS30086 12/08/2016 12/12/2016 Book
© 2023 Central Library, National University of Sciences and Technology. All Rights Reserved.